Účtovné súvzťažnosti praktická príručka pre účtovníkov

Salvato in:
Dettagli Bibliografici
Autore principale: Kaletová, Viera
Altri autori: Cabanová, Hedviga, Turóciová, Jana
Natura: Libro
Lingua:slovacco
Pubblicazione: Žilina Poradca podnikateľa, s.r.o. 2002
Edizione:2. vyd.
Serie:Poradca podnikateľa
Soggetti:
Tags: Aggiungi Tag
Nessun Tag, puoi essere il primo ad aggiungerne!!

MARC

LEADER 00000nam a2200000 4500
001 c132590
005 20221124093150.9
020 |a 80-967566-9-9 
041 0 |a slo 
044 |a SK 
245 1 0 |a Účtovné súvzťažnosti  |b praktická príručka pre účtovníkov  |c Viera Kaletová, Hedviga Cabanová, Jana Turóciová 
250 |a 2. vyd. 
264 1 |a Žilina  |b Poradca podnikateľa, s.r.o.  |c 2002 
300 |a 239 s. 
490 1 |a Poradca podnikateľa 
830 0 |a Poradca podnikateľa 
610 2 0 |a účtovníctvo 
610 2 0 |a účty 
610 2 0 |a metódy účtovné 
610 2 0 |a systémy účtovné 
610 2 0 |a podnikatelia 
610 2 0 |a triedy účtové 
610 2 0 |a osnova účtová 
610 2 0 |a prípady účtovné 
610 2 0 |a evidencia účtovná 
610 2 0 |a Slovensko 
100 1 |a Kaletová, Viera 
700 1 |a Cabanová, Hedviga 
700 1 |a Turóciová, Jana